000 01158cam a22003014a 4500
999 _c20622
_d20622
001 4520506
005 20170120110734.0
008 990204s2000 maua b 001 0 eng
010 _a 99012903
020 _a0072902000
040 _aDLC
_cDLC
_dDLC
042 _apcc
050 0 0 _aMT90
_b.K34 2000
100 1 _aKamien, Roger.
245 1 0 _aMusic :
_ban appreciation /
_cRoger Kamien.
250 _a7th ed.
260 _aBoston :
_bMcGraw-Hill,
_cc2000.
300 _axxxiv, 738 p. :
_bill. ;
_c24 cm.
504 _aIncludes bibliographical references (p. 697-698) and index.
650 0 _aMusic appreciation.
856 4 2 _3Publisher description
_uhttp://www.loc.gov/catdir/description/mh023/99012903.html
856 4 1 _3Table of contents
_uhttp://www.loc.gov/catdir/toc/mh022/99012903.html
906 _a7
_bcbc
_corignew
_d1
_eocip
_f19
_gy-gencatlg
942 _2lcc
_cBOOKS
_hMT 90 .34 2000